[Event "64th POL-ch (w)"]
[Site "Warsaw POL"]
[Date "2012.02.18"]
[Round "1"]
[White "Chrzaszcz, Malvina"]
[Black "Jaracz, Barbara"]
[Result "0-1"]
[WhiteElo "2074"]
[BlackElo "2281"]
[EventDate "2012.02.18"]
[PlyCount "80"]

1.e4 e5 2.Nf3 Nc6 3.Bb5 a6 4.Ba4 Nf6 5.d3 b5 6.Bb3 Be7 7.O-O d6 8.c3 O-O 
9.Re1 Na5 10.Bc2 c5 11.Nbd2 Qc7 12.Nf1 Re8 13.Bg5 Be6 14.Ne3 Nc6 15.h3 h6 
16.Bh4 Rad8 17.a4 b4 18.cxb4 Nxb4 19.Bb3 Rb8 20.Bc4 Rb7 21.b3 Reb8 22.Rb1 
Qd7 23.Re2 Nh5 24.Bxe7 Qxe7 25.Nc2 Nf4 26.Re3 Bxc4 27.dxc4 Nc6 28.Qe1 Nd4 
29.Na1 Qf6 30.Nh2 Qg6 31.g4 Qe6 32.Nf1 Qxc4 33.bxc4 Rxb1 34.Qa5 Nde2+ 35.
Kh2 Rxf1 36.Rf3 Rbb1 37.Qd8+ Kh7 38.Rxf4 Nxf4 39.Kg3 Rxa1 40.Qd7 Ra3+ 0-1

[Event "64th POL-ch (w)"]
[Site "Warsaw POL"]
[Date "2012.02.18"]
[Round "1"]
[White "Kulon, Klaudia"]
[Black "Matras-Clement, Agnieszka"]
[Result "1-0"]
[WhiteElo "2238"]
[BlackElo "2305"]
[EventDate "2012.02.18"]
[PlyCount "81"]

1.e4 e5 2.Nf3 Nc6 3.Bb5 a6 4.Ba4 Nf6 5.O-O Be7 6.Re1 b5 7.Bb3 d6 8.c3 O-O 
9.d4 Bg4 10.Be3 exd4 11.cxd4 Na5 12.Bc2 c5 13.Nbd2 cxd4 14.Bxd4 Nc6 15.Nb3
Nxd4 16.Nbxd4 Rc8 17.h3 Bh5 18.a4 Qb6 19.axb5 axb5 20.Nf5 Rfe8 21.Qd4 Qxd4
22.N3xd4 Bf8 23.Bd3 b4 24.g4 Bg6 25.Ng3 d5 26.Bb5 Re7 27.e5 Ne4 28.Nge2 
Nd2 29.Nf4 Be4 30.Re2 Nf3+ 31.Nxf3 Bxf3 32.Re3 Be4 33.f3 Rxe5 34.Re2 Bc5+ 
35.Kg2 f5 36.fxe4 fxe4 37.Nxd5 Bd4 38.Ba6 Rc6 39.Nxb4 Rb6 40.Bc4+ Kf8 41.
Ra8+ 1-0

[Event "64th POL-ch (w)"]
[Site "Warsaw POL"]
[Date "2012.02.18"]
[Round "1"]
[White "Rajlich, Iweta"]
[Black "Worek, Joanna"]
[Result "1-0"]
[WhiteElo "2428"]
[BlackElo "2234"]
[EventDate "2012.02.18"]
[PlyCount "87"]

1.g3 g6 2.Bg2 Bg7 3.d4 d6 4.e4 e5 5.Ne2 Nc6 6.d5 Nce7 7.O-O f5 8.f4 Nf6 9.
exf5 gxf5 10.c4 e4 11.Bd2 c6 12.dxc6 bxc6 13.Bc3 Be6 14.Na3 h5 15.Nd4 Bf7 
16.Qe2 Kf8 17.Bh3 Qd7 18.Nxf5 Nxf5 19.Bxf6 Bxf6 20.Qxe4 Re8 21.Qxf5 Qxf5 
22.Bxf5 c5 23.Nc2 Bxb2 24.Rab1 Rb8 25.Bd3 Kg7 26.Kg2 d5 27.Ne3 dxc4 28.
Bxc4 Bxc4 29.Nxc4 Bd4 30.Rfe1 Kf6 31.Kf3 Rhe8 32.h3 Rxe1 33.Rxe1 Rb4 34.
Rc1 Rb8 35.g4 hxg4+ 36.hxg4 Rh8 37.g5+ Kg6 38.Re1 Rh2 39.Re2 Rh1 40.Ke4 
Rg1 41.Nd2 Rd1 42.Nf3 a5 43.f5+ Kg7 44.Rd2 1-0

[Event "64th POL-ch (w)"]
[Site "Warsaw POL"]
[Date "2012.02.18"]
[Round "1"]
[White "Zawadzka, Jolanta"]
[Black "Szczepkowska-Horowska, Karina"]
[Result "1/2-1/2"]
[WhiteElo "2358"]
[BlackElo "2377"]
[EventDate "2012.02.18"]
[PlyCount "73"]

1.e4 e5 2.Nf3 Nc6 3.Bb5 a6 4.Ba4 Nf6 5.O-O Be7 6.Re1 b5 7.Bb3 O-O 8.a4 Bb7
9.d3 d6 10.Nbd2 Na5 11.Ba2 c5 12.Nf1 b4 13.c3 Rb8 14.cxb4 cxb4 15.Bd2 Nc6 
16.Ne3 Bc8 17.Rc1 Bd7 18.Nc4 Kh8 19.h3 Ne8 20.Ne3 Nc7 21.Nd5 Ne6 22.Bc4 a5
23.Be3 Ncd4 24.Bxd4 exd4 25.b3 Bg5 26.Rc2 Bh6 27.Qa1 g6 28.Rce2 Bg7 29.Qc1
Bc6 30.Nh2 Nc5 31.Qd2 f5 32.exf5 Bxd5 33.Bxd5 Rxf5 34.Be6 Rf8 35.Bd5 Rf5 
36.Be6 Rf8 37.Bd5 1/2-1/2

[Event "64th POL-ch (w)"]
[Site "Warsaw POL"]
[Date "2012.02.19"]
[Round "2"]
[White "Iwanow, Anna"]
[Black "Rajlich, Iweta"]
[Result "0-1"]
[WhiteElo "2180"]
[BlackElo "2428"]
[EventDate "2012.02.18"]
[PlyCount "120"]

1.e4 e6 2.d4 d5 3.Nc3 dxe4 4.Nxe4 Nd7 5.Nf3 Ngf6 6.Bd3 Nxe4 7.Bxe4 c5 8.
O-O Qc7 9.Bg5 Nf6 10.Bd3 c4 11.Be2 Bd6 12.c3 Bd7 13.Bh4 Bc6 14.Bg3 Bxg3 
15.hxg3 h5 16.Ne5 h4 17.Nxc6 Qxc6 18.gxh4 Rxh4 19.Bf3 Nd5 20.g3 Rh6 21.Qd2
O-O-O 22.Kg2 Rf6 23.Be4 g5 24.f3 Rg8 25.Rh1 g4 26.f4 Rfg6 27.Kf2 R6g7 28.
Rae1 Rd8 29.Rh6 Rgg8 30.Qe2 Qc7 31.Qd2 Kb8 32.Bg2 a6 33.Re5 Rh8 34.Reh5 
Rxh6 35.Rxh6 Qa5 36.a3 Ka7 37.Bf1 Ne7 38.Qc2 Nf5 39.Rh7 Qd5 40.Bg2 Qxg2+ 
41.Kxg2 Ne3+ 42.Kf2 Nxc2 43.Rxf7 Rh8 44.Re7 Rh2+ 45.Kg1 Rh6 46.Kf2 Kb6 47.
Rg7 Rh2+ 48.Kg1 Re2 49.Rxg4 Nxd4 50.Kf1 Rxb2 51.Rg6 Nc6 52.Rxe6 Kc5 53.f5 
Kd5 54.g4 Rh2 55.Re8 Ne5 56.g5 Rh5 57.Rg8 Nf7 58.Rg7 Nxg5 59.Rxb7 Ne4 60.
Rd7+ Nd6 0-1

[Event "64th POL-ch (w)"]
[Site "Warsaw POL"]
[Date "2012.02.19"]
[Round "2"]
[White "Majdan-Gajewska, Joanna"]
[Black "Jaracz, Barbara"]
[Result "1/2-1/2"]
[WhiteElo "2387"]
[BlackElo "2281"]
[EventDate "2012.02.18"]
[PlyCount "100"]

1.Nf3 Nf6 2.c4 g6 3.Nc3 d5 4.cxd5 Nxd5 5.Qc2 Nb6 6.d4 Bg7 7.e4 O-O 8.Be3 
c6 9.Rd1 N8d7 10.Be2 Nf6 11.h3 Be6 12.Ne5 Nfd7 13.f4 f6 14.Nxd7 Qxd7 15.d5
cxd5 16.Nxd5 Nxd5 17.exd5 Bf5 18.Qc4 Rac8 19.Qb4 b6 20.O-O Qd6 21.Qxd6 
exd6 22.Bb5 Rf7 23.g4 Bd7 24.Bxd7 Rxd7 25.f5 Kf7 26.Rd2 Rdc7 27.Bf4 Bf8 
28.Rff2 Rc4 29.Bg3 Re8 30.Kg2 Ree4 31.g5 Be7 32.fxg6+ Kxg6 33.gxf6 Bxf6 
34.Bxd6 Bg5 35.Rd3 Rcd4 36.Rxd4 Rxd4 37.Bb8 Rxd5 38.Bxa7 b5 39.Rc2 Bf6 40.
Be3 Rd1 41.Bd2 Kf5 42.Kf3 Bd4 43.h4 Rh1 44.Bg5 Rh3+ 45.Kg2 Kg4 46.b3 Rg3+ 
47.Kh1 Kf3 48.Rd2 Rh3+ 49.Rh2 Rg3 50.Rd2 Rh3+ 1/2-1/2

[Event "64th POL-ch (w)"]
[Site "Warsaw POL"]
[Date "2012.02.19"]
[Round "2"]
[White "Matras-Clement, Agnieszka"]
[Black "Zawadzka, Jolanta"]
[Result "0-1"]
[WhiteElo "2305"]
[BlackElo "2358"]
[EventDate "2012.02.18"]
[PlyCount "126"]

1.e4 c5 2.c3 d6 3.d4 Nf6 4.Bd3 g6 5.Nf3 Bg7 6.h3 O-O 7.O-O Qc7 8.Be3 Nfd7 
9.Nbd2 Nc6 10.Re1 a6 11.Nf1 b5 12.Qd2 Bb7 13.Bh6 e5 14.Bxg7 Kxg7 15.d5 Ne7
16.Ng3 h6 17.Nh4 Ng8 18.f4 exf4 19.Qxf4 Ne5 20.Bc2 Rae8 21.Rf1 Bc8 22.Rae1
Qd8 23.Nf3 Qe7 24.Kh1 Nxf3 25.Rxf3 Qe5 26.Ref1 Qxf4 27.Rxf4 Re5 28.Bd1 h5 
29.b4 Bd7 30.bxc5 dxc5 31.Bc2 f6 32.Ne2 Ne7 33.R4f2 Nc8 34.Nf4 c4 35.a4 
Nd6 36.axb5 axb5 37.Re2 Ra8 38.Rd1 Ra3 39.Re3 h4 40.Rde1 g5 41.Nh5+ Kg6 
42.Bd1 Ra1 43.Bf3 Rxe1+ 44.Rxe1 Nxe4 45.Bxe4+ Kxh5 46.Bf3+ Kg6 47.Ra1 Kf7 
48.Ra7 Ke7 49.Kg1 f5 50.Kf2 Kd6 51.Ra6+ Kc5 52.Ra7 Re7 53.Rc7+ Kd6 54.Ra7 
g4 55.hxg4 fxg4 56.Be2 Re5 57.Ra6+ Kxd5 58.Rg6 Bf5 59.Rh6 g3+ 60.Kf1 Bd3 
61.Bxd3 cxd3 62.Rxh4 Re4 63.Rh8 Kc4 0-1

[Event "64th POL-ch (w)"]
[Site "Warsaw POL"]
[Date "2012.02.19"]
[Round "2"]
[White "Szczepkowska-Horowska, Karina"]
[Black "Chrzaszcz, Malvina"]
[Result "1-0"]
[WhiteElo "2377"]
[BlackElo "2074"]
[EventDate "2012.02.18"]
[PlyCount "87"]

1.e4 c5 2.b3 Nc6 3.Bb2 e6 4.Nc3 Nf6 5.g3 d5 6.Bg2 d4 7.Nce2 e5 8.d3 h5 9.
Nf3 Nh7 10.Bc1 Be7 11.h4 Be6 12.Neg1 Bg4 13.Bh3 Qd7 14.Bxg4 Qxg4 15.Nd2 
Nf6 16.Ngf3 O-O-O 17.Nc4 Nd7 18.a4 f6 19.Bd2 g5 20.Qe2 Rdg8 21.O-O-O Kc7 
22.Rh2 Qe6 23.hxg5 fxg5 24.Rdh1 Qg6 25.Kb2 Rf8 26.Be1 b6 27.Nfd2 g4 28.f3 
Nf6 29.fxg4 Nxg4 30.Rh3 a6 31.a5 b5 32.Nb6 Nf6 33.Nd5+ Kd6 34.Nf3 Nxd5 35.
exd5 Kxd5 36.Nd2 Bg5 37.Ne4 Be3 38.Rxh5 Rxh5 39.Rxh5 Qf7 40.Qg4 Nd8 41.Qc8
Nb7 42.Qh3 Nd6 43.Rh7 Qf5 44.Rd7 1-0

[Event "64th POL-ch (w)"]
[Site "Warsaw POL"]
[Date "2012.02.19"]
[Round "2"]
[White "Worek, Joanna"]
[Black "Kulon, Klaudia"]
[Result "1/2-1/2"]
[WhiteElo "2234"]
[BlackElo "2238"]
[EventDate "2012.02.18"]
[PlyCount "93"]

1.c4 c5 2.Nf3 Nf6 3.Nc3 d5 4.cxd5 Nxd5 5.g3 Nc6 6.Bg2 Nc7 7.O-O e5 8.d3 f6
9.a3 Be6 10.Be3 Qd7 11.Rc1 Rc8 12.Ne1 Nd4 13.Bxd4 cxd4 14.Ne4 Na6 15.f4 
Rxc1 16.Qxc1 exf4 17.Qxf4 Be7 18.b4 O-O 19.Nf3 Rd8 20.Nf2 Nc7 21.Nxd4 Nd5 
22.Qd2 Bf7 23.Nf3 Qa4 24.e4 Nc7 25.Qb2 Nb5 26.Ra1 b6 27.Bf1 Rc8 28.d4 Nd6 
29.Rc1 Nc4 30.Bxc4 Rxc4 31.d5 Rxc1+ 32.Qxc1 Bf8 33.Nd4 a5 34.Nc6 axb4 35.
axb4 f5 36.Qf4 fxe4 37.Qxe4 Qa1+ 38.Kg2 Qa2 39.Ne7+ Bxe7 40.Qxe7 Qxd5+ 41.
Ne4 h6 42.Kf3 Bg6 43.Ke3 Qb3+ 44.Kf4 Qd5 45.Ke3 Qb3+ 46.Kf4 Qd5 47.Ke3 
1/2-1/2

[Event "64th POL-ch (w)"]
[Site "Warsaw POL"]
[Date "2012.02.20"]
[Round "3"]
[White "Chrzaszcz, Malvina"]
[Black "Matras-Clement, Agnieszka"]
[Result "1/2-1/2"]
[WhiteElo "2074"]
[BlackElo "2305"]
[EventDate "2012.02.18"]
[PlyCount "122"]

1.e4 c6 2.d4 d5 3.Nc3 dxe4 4.Nxe4 Nf6 5.Nxf6+ exf6 6.c3 Be6 7.Bd3 Bd6 8.
Ne2 Qc7 9.Ng3 Nd7 10.Ne4 O-O-O 11.Nxd6+ Qxd6 12.O-O h5 13.f4 f5 14.Be3 Nb6
15.Qc2 Nd5 16.Rae1 g6 17.b4 h4 18.b5 h3 19.g3 Kb8 20.Bd2 Rc8 21.Rb1 c5 22.
Qa4 Nb6 23.Qa3 Qd5 24.Rf2 cxd4 25.cxd4 Qxd4 26.Bf1 Bd5 27.Re1 Be4 28.Be3 
Qf6 29.Bc5 Qe6 30.Rd2 Rhd8 31.Bd6+ Ka8 32.Red1 Rd7 33.Bc5 Rxd2 34.Rxd2 Bd5
35.Re2 Qf6 36.Re5 Be4 37.Be7 Qh8 38.Qd6 Nc4 39.Bxc4 Rxc4 40.Bf8 Rc8 41.Be7
Rc1+ 42.Kf2 Qc8 43.Rc5 Rxc5 44.Qxc5 Qxc5+ 45.Bxc5 b6 46.Bb4 Bc2 47.Ke3 Ba4
48.Kd4 Bxb5 49.Kd5 Kb7 50.a3 Be2 51.Be7 Ka6 52.Kd4 Kb5 53.Bf8 Ka4 54.Kc3 
Kb5 55.Kd4 a5 56.Be7 Kc6 57.Ke5 b5 58.Kd4 b4 59.axb4 a4 60.b5+ Kxb5 61.Ba3
Bf3 1/2-1/2

[Event "64th POL-ch (w)"]
[Site "Warsaw POL"]
[Date "2012.02.20"]
[Round "3"]
[White "Jaracz, Barbara"]
[Black "Szczepkowska-Horowska, Karina"]
[Result "1-0"]
[WhiteElo "2281"]
[BlackElo "2377"]
[EventDate "2012.02.18"]
[PlyCount "119"]

1.e4 e5 2.Nf3 Nc6 3.Bb5 a6 4.Ba4 Nf6 5.d3 b5 6.Bb3 Be7 7.O-O O-O 8.Re1 d6 
9.c3 Nb8 10.Nbd2 Nbd7 11.Nf1 c5 12.Ng3 Nb6 13.h3 c4 14.Bc2 g6 15.d4 Qc7 
16.Bh6 Re8 17.Nh2 Bf8 18.Bg5 Bg7 19.Qf3 Nbd7 20.Rad1 h6 21.Be3 h5 22.Bg5 
Nh7 23.Bc1 Ndf6 24.Qe2 h4 25.Ngf1 Nh5 26.Nf3 Qe7 27.b3 Be6 28.d5 Bd7 29.
bxc4 bxc4 30.Qxc4 Rec8 31.Qb4 Rab8 32.Qa3 Bb5 33.Bd3 Bf6 34.N1h2 Qd7 35.
Ng4 Be7 36.Be3 Bxd3 37.Rxd3 Rc4 38.Qxa6 Rxe4 39.c4 f5 40.Ngxe5 dxe5 41.
Qxg6+ Ng7 42.Nd2 Rxe3 43.Rdxe3 e4 44.Nb3 Rc8 45.Qa6 Ng5 46.c5 Re8 47.Qc4 
Bf6 48.c6 Qd6 49.Nc5 Be5 50.Nb7 Qg6 51.d6+ Kh7 52.d7 Nf3+ 53.Rxf3 exf3 54.
Qxh4+ Nh5 55.g4 fxg4 56.dxe8=Q Qxe8 57.hxg4 Bh2+ 58.Kxh2 Qxe1 59.Qxh5+ Kg7
60.Qg5+ 1-0

[Event "64th POL-ch (w)"]
[Site "Warsaw POL"]
[Date "2012.02.20"]
[Round "3"]
[White "Kulon, Klaudia"]
[Black "Iwanow, Anna"]
[Result "0-1"]
[WhiteElo "2238"]
[BlackElo "2180"]
[EventDate "2012.02.18"]
[PlyCount "112"]

1.d4 d5 2.g3 Nf6 3.Bg2 e6 4.Nf3 Nbd7 5.O-O Be7 6.c4 O-O 7.Qc2 b6 8.cxd5 
Nxd5 9.Nc3 Nb4 10.Qb1 Bb7 11.Ng5 Bxg5 12.Bxb7 Rb8 13.Bxg5 Qxg5 14.Bg2 Nf6 
15.e4 c5 16.a3 cxd4 17.axb4 dxc3 18.bxc3 Rfc8 19.Rxa7 Rxc3 20.Qa1 Rcc8 21.
Rd1 Qb5 22.e5 Ng4 23.Re1 h5 24.h3 Nh6 25.Qd1 Qxb4 26.Be4 Rd8 27.Rb7 g6 28.
Rxb8 Rxb8 29.Re2 Kg7 30.Qc1 Qd4 31.Bf3 Nf5 32.Re4 Qd3 33.Qf4 Rd8 34.g4 
hxg4 35.Bxg4 Ra8 36.Re1 Qc3 37.Rf1 Ra5 38.Bxf5 exf5 39.e6 fxe6 40.Qd6 Qxh3
41.Qe7+ Kh6 42.Qf8+ Kh5 43.Qh8+ Kg4 44.f3+ Kg3 45.Qb2 Rd5 46.Qc2 Kh4 47.
Rf2 Qg3+ 48.Kf1 Kh3 49.Qc1 g5 50.Qc2 b5 51.Qb3 Qf4 52.Re2 Qc1+ 53.Kf2 Kh2 
54.f4 Qg1+ 55.Kf3+ Kh3 56.fxg5 Qg3# 0-1

[Event "64th POL-ch (w)"]
[Site "Warsaw POL"]
[Date "2012.02.20"]
[Round "3"]
[White "Rajlich, Iweta"]
[Black "Majdan-Gajewska, Joanna"]
[Result "1/2-1/2"]
[WhiteElo "2428"]
[BlackElo "2387"]
[EventDate "2012.02.18"]
[PlyCount "44"]

1.d4 f5 2.c4 Nf6 3.Nc3 g6 4.h4 Bg7 5.h5 Nxh5 6.Rxh5 gxh5 7.e4 O-O 8.Qxh5 
e6 9.Bg5 Qe8 10.Qxe8 Rxe8 11.Nb5 Na6 12.e5 d6 13.exd6 c6 14.Nc7 Nxc7 15.
dxc7 Bxd4 16.O-O-O Bb6 17.Rd8 Kf8 18.Be2 Bxc7 19.Bh6+ Ke7 20.Bg5+ Kf8 21.
Bh6+ Ke7 22.Bg5+ Kf8 1/2-1/2

[Event "64th POL-ch (w)"]
[Site "Warsaw POL"]
[Date "2012.02.20"]
[Round "3"]
[White "Zawadzka, Jolanta"]
[Black "Worek, Joanna"]
[Result "1/2-1/2"]
[WhiteElo "2358"]
[BlackElo "2234"]
[EventDate "2012.02.18"]
[PlyCount "97"]

1.e4 e5 2.Nf3 Nc6 3.Bb5 Nf6 4.d3 Bc5 5.c3 d6 6.O-O O-O 7.h3 Bb6 8.Nbd2 Ne7
9.Nc4 Ng6 10.Re1 h6 11.Nxb6 axb6 12.d4 Be6 13.b3 Qe7 14.Bf1 Nh7 15.Be3 Ng5
16.Nd2 Qf6 17.f3 Ra3 18.Nc4 Raa8 19.Qd2 Nh4 20.Bxg5 hxg5 21.Qf2 Bxh3 22.
dxe5 dxe5 23.Qg3 Be6 24.Qxe5 Bxc4 25.Qxf6 gxf6 26.Bxc4 Ng6 27.a4 Ne5 28.
Be2 Rfd8 29.Red1 Kf8 30.Kf2 Ke7 31.Ke3 Rxd1 32.Rxd1 Rh8 33.g3 Rh3 34.Rg1 
Rh2 35.b4 c6 36.Ra1 Rh3 37.Rg1 Rh2 38.Ra1 Rh3 39.a5 b5 40.Rg1 Rh2 41.Re1 
Rh3 42.Kf2 Rh8 43.f4 Ng6 44.fxg5 fxg5 45.Rd1 Ne5 46.Kg2 Ra8 47.Kf2 Rh8 48.
Kg2 Ra8 49.Kf2 1/2-1/2

[Event "64th POL-ch (w)"]
[Site "Warsaw POL"]
[Date "2012.02.21"]
[Round "4"]
[White "Iwanow, Anna"]
[Black "Zawadzka, Jolanta"]
[Result "1/2-1/2"]
[WhiteElo "2180"]
[BlackElo "2358"]
[EventDate "2012.02.18"]
[PlyCount "64"]

1.e4 c5 2.Nf3 d6 3.d4 cxd4 4.Nxd4 Nf6 5.Nc3 a6 6.Be2 e5 7.Nb3 Be7 8.g4 Be6
9.g5 Nfd7 10.h4 Nb6 11.Be3 N8d7 12.Qd2 Qc7 13.O-O-O O-O-O 14.f4 g6 15.Rhf1
Nc4 16.Bxc4 Bxc4 17.Nd5 Bxd5 18.Qxd5 exf4 19.Bxf4 Ne5 20.Bxe5 dxe5 21.Qxf7
Rxd1+ 22.Kxd1 Kb8 23.Qe6 Rd8+ 24.Kc1 Bc5 25.c3 Be3+ 26.Kc2 Bf4 27.Rd1 Rxd1
28.Kxd1 Bg3 29.Qg4 Bf4 30.Qe6 Bg3 31.Qg4 Bf4 32.Qe6 Bg3 1/2-1/2

[Event "64th POL-ch (w)"]
[Site "Warsaw POL"]
[Date "2012.02.21"]
[Round "4"]
[White "Majdan-Gajewska, Joanna"]
[Black "Szczepkowska-Horowska, Karina"]
[Result "1-0"]
[WhiteElo "2387"]
[BlackElo "2377"]
[EventDate "2012.02.18"]
[PlyCount "127"]

1.e4 e5 2.Bc4 Nc6 3.Nf3 Bc5 4.d3 Nf6 5.c3 O-O 6.O-O d6 7.Re1 h6 8.Nbd2 a6 
9.Bb3 Ba7 10.Nf1 Ne7 11.Ng3 Ng6 12.h3 Re8 13.d4 c6 14.Bc2 Qc7 15.Be3 Be6 
16.Qd2 Kh7 17.Rad1 b5 18.Nf5 Ng8 19.dxe5 dxe5 20.Bxa7 Rxa7 21.Qe3 c5 22.
Rd2 Raa8 23.a3 Nf6 24.Red1 Nd7 25.g3 Nb6 26.b3 Nc8 27.Ne1 Nb6 28.h4 f6 29.
Rd6 a5 30.Qe2 Nc8 31.Rxe6 Rxe6 32.Qxb5 Nf8 33.Nd3 Rc6 34.Nb2 Ne6 35.Ne3 
Rb8 36.Qe2 Qf7 37.Nbc4 Ra8 38.Nd5 Kh8 39.f4 exf4 40.gxf4 Nd6 41.f5 Nc7 42.
Nf4 Nxc4 43.bxc4 Ne8 44.Ng6+ Kg8 45.e5 fxe5 46.Be4 Raa6 47.Nxe5 Qe7 48.
Nxc6 Qxh4 49.Bg2 Nf6 50.Ne7+ Kh7 51.Ng6 Qg5 52.Rd8 Qxf5 53.Nf8+ Kh8 54.
Nd7+ Kh7 55.Nxf6+ Rxf6 56.Qe4 Kg6 57.Qxf5+ Kxf5 58.Rd5+ Kg4 59.Rxc5 a4 60.
Rc6 Rf4 61.Bd5 g5 62.Rxh6 Kg3 63.c5 Rf5 64.Rh3+ 1-0

[Event "64th POL-ch (w)"]
[Site "Warsaw POL"]
[Date "2012.02.21"]
[Round "4"]
[White "Matras-Clement, Agnieszka"]
[Black "Jaracz, Barbara"]
[Result "1/2-1/2"]
[WhiteElo "2305"]
[BlackElo "2281"]
[EventDate "2012.02.18"]
[PlyCount "96"]

1.e4 c5 2.c3 Nf6 3.e5 Nd5 4.d4 cxd4 5.Nf3 e6 6.cxd4 d6 7.Bc4 Nb6 8.Bd3 Nc6
9.O-O Nb4 10.Bb5+ Bd7 11.Nc3 Be7 12.a3 Bxb5 13.Nxb5 N4d5 14.Nxd6+ Bxd6 15.
exd6 Qxd6 16.a4 a5 17.Ne5 O-O 18.Ra3 f6 19.Ng4 Ne7 20.Rh3 Nbd5 21.Re1 Rac8
22.Bd2 b6 23.Qf3 Ng6 24.Rg3 Rc7 25.Ne3 Ndf4 26.Bc3 f5 27.Qd1 Nd5 28.Nxd5 
Qxd5 29.Qh5 Rf6 30.Rh3 h6 31.Rg3 Kh7 32.Bd2 f4 33.Qxd5 exd5 34.Rb3 Rc4 35.
Rb5 Rd6 36.b4 Rxd4 37.bxa5 bxa5 38.Bxa5 Rxa4 39.Bb4 Rd7 40.g3 d4 41.Kg2 
Ra2 42.Rb6 Rf7 43.Bd6 fxg3 44.Bxg3 h5 45.Re4 d3 46.Rd6 d2 47.h4 Ne7 48.
Red4 Nf5 1/2-1/2

[Event "64th POL-ch (w)"]
[Site "Warsaw POL"]
[Date "2012.02.21"]
[Round "4"]
[White "Worek, Joanna"]
[Black "Chrzaszcz, Malvina"]
[Result "1/2-1/2"]
[WhiteElo "2234"]
[BlackElo "2074"]
[EventDate "2012.02.18"]
[PlyCount "65"]

1.d4 Nf6 2.c4 e6 3.Nc3 Bb4 4.Bg5 h6 5.Bh4 b6 6.e3 Bb7 7.Ne2 O-O 8.f3 d5 9.
cxd5 exd5 10.a3 Be7 11.Bf2 c5 12.Ng3 Nc6 13.Bd3 Re8 14.O-O Bf8 15.Rc1 cxd4
16.exd4 g6 17.Nge2 Qd7 18.Qd2 Rac8 19.b4 Bg7 20.Bb1 Ne7 21.Nf4 Nf5 22.Nd3 
Nd6 23.Ne5 Nc4 24.Nxc4 dxc4 25.Rfe1 Nd5 26.Rxe8+ Rxe8 27.Ne4 Rc8 28.h4 h5 
29.Kh1 Nf6 30.Nc3 Nd5 31.Ne4 Nf6 32.Nc3 Nd5 33.Ne4 1/2-1/2

[Event "64th POL-ch (w)"]
[Site "Warsaw POL"]
[Date "2012.02.22"]
[Round "5"]
[White "Chrzaszcz, Malvina"]
[Black "Iwanow, Anna"]
[Result "1/2-1/2"]
[WhiteElo "2074"]
[BlackElo "2180"]
[EventDate "2012.02.18"]
[PlyCount "172"]

1.e4 c5 2.Nf3 d6 3.d4 cxd4 4.Nxd4 Nf6 5.Nc3 e6 6.Be2 a6 7.a4 Qc7 8.O-O Be7
9.f4 O-O 10.Kh1 b6 11.Bf3 Bb7 12.e5 dxe5 13.fxe5 Nfd7 14.Bxb7 Qxb7 15.Bf4 
Nc6 16.Qf3 Rfc8 17.Rad1 Ra7 18.Qg3 Nf8 19.h4 Nxd4 20.Rxd4 Bc5 21.Rd3 Kh8 
22.h5 h6 23.Qg4 Nh7 24.Rg3 f5 25.exf6 Nxf6 26.Qg6 Qf7 27.Bxh6 Qxg6 28.hxg6
Nh5 29.Rh3 gxh6 30.Rxh5 Kg7 31.Re5 Re7 32.Rfe1 Rce8 33.Ne2 Bd6 34.Re4 Kxg6
35.Nf4+ Kf5 36.Nd3 Rg7 37.Rd4 Bc7 38.Rf1+ Kg5 39.Nf2 h5 40.Nh3+ Kg6 41.Rc4
Ree7 42.Nf4+ Kh6 43.Re1 Bxf4 44.Rxf4 e5 45.Rf5 e4 46.Rf4 Rg4 47.Rf6+ Rg6 
48.Rxg6+ Kxg6 49.Kh2 Kg5 50.Kg3 h4+ 51.Kf2 Kf4 52.Rh1 Kg4 53.Rh3 Rc7 54.c3
Rc4 55.b3 Rc6 56.Ke2 Rh6 57.Ke3 Kf5 58.g3 Rd6 59.Rxh4 Rd3+ 60.Kf2 Rxc3 61.
Rh5+ Kg4 62.Rh4+ Kf5 63.Rh5+ Kg6 64.Re5 Rxb3 65.Rxe4 Kf5 66.Rh4 b5 67.axb5
axb5 68.Rf4+ Kg5 69.Rf8 Rb2+ 70.Kf3 Rb1 71.Kf2 b4 72.Rf7 b3 73.Kg2 Rb2+ 
74.Kf3 Rb1 75.Kg2 Kg4 76.Rf4+ Kg5 77.Rf7 Rc1 78.Rb7 Rb1 79.Rf7 b2 80.Rb7 
Kf5 81.Rb8 Ke6 82.Rb7 Ke5 83.Rb8 Kd4 84.Rb7 Kc3 85.Rc7+ Kd4 86.Rb7 Ke4 
1/2-1/2

[Event "64th POL-ch (w)"]
[Site "Warsaw POL"]
[Date "2012.02.22"]
[Round "5"]
[White "Jaracz, Barbara"]
[Black "Worek, Joanna"]
[Result "1/2-1/2"]
[WhiteElo "2281"]
[BlackElo "2234"]
[EventDate "2012.02.18"]
[PlyCount "98"]

1.e4 c5 2.Ne2 e6 3.Nbc3 a6 4.g3 b5 5.Bg2 Bb7 6.a3 Nf6 7.d3 Qc7 8.O-O Nc6 
9.Be3 d6 10.h3 Be7 11.f4 h5 12.Qd2 Rb8 13.Rae1 Ba8 14.f5 b4 15.axb4 cxb4 
16.Na4 e5 17.b3 Na7 18.Nb2 Bc6 19.Nc4 Bb5 20.Qxb4 Nc6 21.Qd2 a5 22.Nc3 Ba6
23.Ra1 Bd8 24.Nd5 Nxd5 25.exd5 Bxc4 26.dxc4 Nb4 27.c5 dxc5 28.d6 Qd7 29.
Bxc5 Rb5 30.Bxb4 axb4 31.c4 bxc3 32.Qxc3 Bb6+ 33.Kh2 O-O 34.f6 Qxd6 35.
fxg7 Rd8 36.Qc4 Rd5 37.Ra6 e4 38.Bxe4 Rd2+ 39.Kh1 Rd7 40.Ra8+ Kxg7 41.Qc3+
Qd4 42.Qxd4+ Bxd4 43.Ra5 Ra7 44.Rxa7 Bxa7 45.Rf5 h4 46.gxh4 Be3 47.h5 Rf2 
48.Rb5 Kh6 49.Rf5 Rxf5 1/2-1/2

[Event "64th POL-ch (w)"]
[Site "Warsaw POL"]
[Date "2012.02.22"]
[Round "5"]
[White "Kulon, Klaudia"]
[Black "Majdan-Gajewska, Joanna"]
[Result "1-0"]
[WhiteElo "2238"]
[BlackElo "2387"]
[EventDate "2012.02.18"]
[PlyCount "77"]

1.e4 c5 2.Nf3 Nc6 3.Bb5 e6 4.O-O Nge7 5.Re1 a6 6.Bf1 Ng6 7.c3 d5 8.exd5 
Qxd5 9.d4 cxd4 10.cxd4 Be7 11.Nc3 Qd8 12.d5 Nb4 13.dxe6 Bxe6 14.Nd4 Bd7 
15.a3 Nc6 16.Nd5 Nxd4 17.Nxe7 Ne6 18.Nxg6 hxg6 19.Qd6 Rc8 20.Bd2 Rc6 21.
Qe5 Kf8 22.Bb4+ Kg8 23.Rad1 Rh5 24.Qg3 a5 25.Bc3 Qc8 26.Be2 Rg5 27.Qh4 
Rxc3 28.bxc3 Qxc3 29.f4 Qe3+ 30.Qf2 Rxg2+ 31.Kxg2 Nxf4+ 32.Kf1 Qh3+ 33.Kg1
Bc6 34.Qg3 Qh6 35.Bf1 g5 36.Rd8+ Kh7 37.Bd3+ g6 38.Bf1 Qg7 39.Qxg5 1-0

[Event "64th POL-ch (w)"]
[Site "Warsaw POL"]
[Date "2012.02.22"]
[Round "5"]
[White "Szczepkowska-Horowska, Karina"]
[Black "Matras-Clement, Agnieszka"]
[Result "1-0"]
[WhiteElo "2377"]
[BlackElo "2305"]
[EventDate "2012.02.18"]
[PlyCount "111"]

1.e4 c6 2.d4 d5 3.e5 Bf5 4.Nf3 e6 5.a3 Nd7 6.Be2 Ne7 7.O-O Bg6 8.b3 Nf5 9.
c4 Be7 10.h3 O-O 11.Nc3 Qa5 12.Bd2 Qb6 13.Na4 Qc7 14.cxd5 exd5 15.b4 Rfe8 
16.Rc1 Nf8 17.Qb3 Ne6 18.Qb2 f6 19.Rfe1 fxe5 20.dxe5 Rf8 21.b5 Nh4 22.bxc6
bxc6 23.Qc3 c5 24.Nxh4 Bxh4 25.g3 Qf7 26.f4 Be7 27.Bf1 Rad8 28.Bg2 h5 29.
h4 Bf5 30.Kh2 Qg6 31.Nb2 Nd4 32.Be3 Ne6 33.Bf2 Be4 34.Rxe4 dxe4 35.Re1 Qg4
36.Bh3 Qg6 37.Bg2 Nd4 38.Bxe4 Qg4 39.Bg2 Kh8 40.Nc4 Qe6 41.Nd2 Nb5 42.Qe3 
c4 43.Qe2 Nxa3 44.Ne4 g6 45.Bxa7 Rd3 46.Nc5 Bxc5 47.Bxc5 Rfd8 48.f5 gxf5 
49.Qxh5+ Kg7 50.Bxa3 Rxa3 51.Qg5+ Qg6 52.Qe7+ Kh6 53.Qxa3 f4 54.e6 Rd3 55.
Qf8+ Kh7 56.Qxf4 1-0

[Event "64th POL-ch (w)"]
[Site "Warsaw POL"]
[Date "2012.02.22"]
[Round "5"]
[White "Zawadzka, Jolanta"]
[Black "Rajlich, Iweta"]
[Result "1-0"]
[WhiteElo "2358"]
[BlackElo "2428"]
[EventDate "2012.02.18"]
[PlyCount "123"]

1.e4 e6 2.d4 d5 3.Nc3 Bb4 4.a3 Ba5 5.b4 Bb6 6.e5 a5 7.Rb1 axb4 8.axb4 Nc6 
9.Bb5 Bd7 10.Nf3 Nge7 11.O-O h6 12.Re1 Nf5 13.Bxc6 Bxc6 14.Qd3 Nh4 15.Re3 
Nxf3+ 16.Rxf3 Qh4 17.b5 Bd7 18.Ne2 Ra4 19.Rf4 Qh5 20.Ba3 Rc4 21.Rb4 O-O 
22.Rxc4 dxc4 23.Qxc4 Ra8 24.Rf3 c6 25.Qd3 cxb5 26.Bb2 Qg6 27.Qxg6 fxg6 28.
Ra3 Rc8 29.Rc3 Bc6 30.f3 Ba5 31.Ra3 b6 32.Ra1 Bd5 33.c3 Bc4 34.Kf2 Kf7 35.
Rc1 g5 36.Ng3 Bd5 37.Ne4 Bxe4 38.fxe4 Rc4 39.Ke3 b4 40.Kd3 b5 41.Ra1 bxc3 
42.Rxa5 cxb2 43.Rxb5 Ra4 44.Rxb2 Ra3+ 45.Kc4 Re3 46.Rb7+ Kf8 47.Kc5 Rxe4 
48.Rd7 g6 49.g3 g4 50.Kd6 Rxd4+ 51.Kxe6 Re4 52.Kf6 Ke8 53.Rh7 Re2 54.Rxh6 
Kd7 55.Rh7+ Kc6 56.e6 Kd5 57.Rd7+ Ke4 58.e7 Kf3 59.Rd5 Rxe7 60.Kxe7 Kg2 
61.Rd2+ Kh3 62.Rd3 1-0

[Event "64th POL-ch (w)"]
[Site "Warsaw POL"]
[Date "2012.02.23"]
[Round "6"]
[White "Iwanow, Anna"]
[Black "Jaracz, Barbara"]
[Result "1-0"]
[WhiteElo "2180"]
[BlackElo "2281"]
[EventDate "2012.02.18"]
[PlyCount "81"]

1.e4 e5 2.Nf3 Nc6 3.Bb5 a6 4.Ba4 Nf6 5.Bxc6 dxc6 6.d3 Nd7 7.Nbd2 f6 8.Nc4 
Be7 9.Ne3 Nc5 10.O-O O-O 11.b3 Be6 12.Bb2 g6 13.Qe2 Bf7 14.Rad1 Ne6 15.d4 
exd4 16.Nxd4 Nxd4 17.Bxd4 Qc8 18.f4 Qe6 19.Qf3 Rad8 20.f5 Qc8 21.h4 Rd6 
22.fxg6 hxg6 23.h5 Qd7 24.hxg6 Bxg6 25.Qg3 Kf7 26.Nc4 Qe6 27.Ne5+ Ke8 28.
Qxg6+ Kd8 29.Nc4 Rd7 30.Be3 Bd6 31.e5 Bxe5 32.Rxd7+ Kxd7 33.Nxe5+ Qxe5 34.
Qf5+ Qxf5 35.Rxf5 Ke6 36.Rf3 b6 37.Kf2 c5 38.g4 Rh8 39.Kg2 c6 40.Bd2 Rg8 
41.Kg3 1-0